000 00543nam a2200193Ia 4500
008 101110s9999 xx 000 0 und d
041 _aENGLISH
082 _bSR21178
100 _aKishnadwala, Shetty
245 _aCost Accounting - T.Y.B.Com. ( New Revised Syllabus )
365 _b70
520 _aCommerce
546 _aENGLISH
630 _aCost Accounting - T.Y.B.Com. ( New Revised Syllabus )
650 _aCommerce
655 _aCommerce
730 _aCost Accounting - T.Y.B.Com. ( New Revised Syllabus )
942 _cBOOK
999 _c814089
_d814086